000 00905nam a22002777a 4500
001 BR9001473
003 BR-BrBNA
005 20230928093413.0
007 ta
008 230509b bl.||||| |||| 00| 0 por d
040 _aBR-BrBNA
_bpor
_cBiblioteca Nacional de Agricultura
041 _a(Por)
072 _aF30
_b3575
_b3140
_b/G514
090 _ 3575 BR9001473
100 1 _aMonteiro, R.F.R.
111 1 _a1. Simposio Brasileiro sobre Tecnologia de Sementes Florestais
_cBelo Horizonte, MG (Brazil)
_d4-6 Dec 1984
245 1 _aPrograma de producao e tecnologia de sementes de Pinus spp desenvolvido pela Kablin do Parana Agro-Florestal S/A
260 3 _aBelo Horizonte, MG (Brasil):
_c1984.
300 _a17 p.
500 _a25 ref.; Summaries (Eng, Por)
650 _aSEMENTE
650 _aPINHEIRO
650 _aMELHORAMENTO VEGETAL
909 _a202309
_bLucia
_c55
_dLucia Elande
942 _cBK
999 _c44789
_d44789